01707nab a22002297a 4500999001500000003000400015005001700019008004100036040000700077100003600084245016000120300001400280505076900294505008501063650002801148650005801176650002001234650001901254650003501273773015601308942001301464 c5765d5765OSt20260109000417.0190514b xxu||||| |||| 00| 0 spa d cPJ 96681aPérez Ovalle, Pamela B.10aAdopciones : bprocesos excluyentes y el deber de alimentos a la luz del interés superior de niños, niñas y adolescentes /cPamela B. Pérez Ovalle. ap. 99-108 aSumario: I. Palabras introductorias.— II. El caso en análisis.— III. Algunos conceptos: la adopción como fuente de filiación en el nuevo paradigma. El derecho de NNA a tener una vida en familia.— IV. Hablemos con propiedad: son procesos excluyentes.— V. La controversia respecto de la fijación de una cuota alimentaria como consecuencia de un proceso excluyente.— VI. El interés superior de la niña como eje central. Su condición de vulnerabilidad y la protección reforzada.— VII. Los alimentos. Concepto y fuentes actuales de la obligación.— VIII. La aplicación analógica de la obligación alimentaria del progenitor afín.— IX. Los nuevos tipos de familia y el principio de solidaridad familiar.— X. Reflexiones finales. tFallo comentado: CCiv. y Com., Mercedes, sala II, 18/02/2025. - L. Y. s/ abrigo. 09967aDERECHO DE FAMILIA 092741aDERECHOS DE LAS NIÑAS, NIÑOS Y ADOLESCENTES 09974aADOPCIÓN 09968aALIMENTOS 091057aJURISPRUDENCIA APLICABLE0 0284493222dBuenos Aires : AbeledoPerrot, 1989-tDerecho de familia. Revista Interdisciplinaria de doctrina y jurisprudencia. Agosto 2025-IV.z18511201 2udccANA